| 000 | 00939nam a2200217 a 4500 | ||
|---|---|---|---|
| 003 | 0 | ||
| 005 | 20250312154018.0 | ||
| 008 | 080728s19uu xx 00 eng d | ||
| 050 |
_aPGS P 211.6 _b.Y12 2008 |
||
| 100 | _aYaginuma, Aiko. | ||
| 245 |
_aThe effects of using shortcut form of words in sending messages through cellular phones on the writing out of students / _cAiko Yaginuma. |
||
| 260 |
_aLas PiƱas City, Philippines : _bSouthville International School and Colleges, _c2008. |
||
| 300 |
_a17 pages : _billustrations ; _c28 cm. |
||
| 504 | _aIncludes bibliographical references. | ||
| 650 |
_aText messaging (Cell phone systems) _vSocial aspects. |
||
| 650 |
_aAbbreviation _vSocial aspects. |
||
| 650 |
_aEnglish language _vWritten English _vInfluence of technology. |
||
| 650 |
_aCell phones _vPsychological aspects. |
||
| 650 |
_aCommunication _vTechnological innovations _vSocial aspects. |
||
| 942 |
_2lcc _cPASS |
||
| 999 |
_c97957 _d97957 |
||